|
|
|
|
| LEADER |
00000nab a2200000 a 4500 |
| 001 |
vtls000276689 |
| 003 |
SK-MaSNL |
| 005 |
20260302214157.0 |
| 008 |
150501c1987 xo 0 slo |
| 015 |
|
|
|a SNBRB19rr/mm-uuuuu
|
| 035 |
|
|
|a CL0286805
|
| 040 |
|
|
|a SNKBUCL
|b slo
|c SNKBUCL
|e AACR2
|
| 041 |
0 |
|
|a slo
|
| 044 |
|
|
|a xo
|c SK
|
| 080 |
|
|
|a 886.7-7
|2 1981
|
| 100 |
1 |
|
|a Conev, Vasil,
|d 1925-
|4 aut
|9 215961
|
| 245 |
1 |
0 |
|a Žili raz
|c Vasil Conev ; Ľubica Košková
|
| 650 |
0 |
7 |
|a humoresky
|2 snkbucl
|9 73390
|
| 655 |
|
7 |
|a články z novín a časopisov
|2 snkbucl
|9 267496
|
| 655 |
|
7 |
|a články z odboru literárna veda a krásna literatúra
|2 snkbucl
|9 770045
|
| 700 |
1 |
|
|a Košková, Ľubica,
|d 1944-
|4 trl
|9 114107
|
| 773 |
0 |
|
|t Roľnícke noviny
|g Roč. 42, č. 72 (27. 3. 1987), s. 6
|
| 850 |
|
|
|a Slovenská národná knižnica v Martine
|a MTA001
|
| 852 |
|
|
|a SNK
|b KIS3GCP
|
| 958 |
|
|
|a RK
|
| 958 |
|
|
|a LX
|
| 958 |
|
|
|a BG
|
| 992 |
|
|
|a RBX
|
| 999 |
|
|
|c 1496721
|d 1498651
|